[Event "Wunsiedel op 12th"]
[Site "Wunsiedel"]
[Date "2018.05.18"]
[Round "2"]
[White "Fischer, Gerd1111"]
[Black "Juenk, Stefan"]
[Result "1-0"]
[WhiteElo "1850"]
[BlackElo "1621"]
[PlyCount "85"]
[EventDate "2018.05.17"]
[EventType "swiss"]
[EventRounds "9"]
[EventCountry "GER"]
[SourceTitle "CBM 184 Extra"]
[Source "ChessBase"]
[SourceDate "2018.06.28"]
[SourceVersion "1"]
[SourceVersionDate "2018.06.28"]
[SourceQuality "1"]

1. d4 Nf6 2. c4 e6 3. Nc3 d5 4. cxd5 exd5 5. Bg5 Be7 6. e3 0-0 7. Qc2 h6 8. Bh4 Nc6 9. a3 Re8 10. Bd3 Ne4 11. Bxe7 Rxe7 12. Nge2 Nf6 13. 0-0 a6 14. b4 Qd6 15. Ng3 Nd8 16. Rfc1 c6 17. Na4 Be6 18. Nc5 h5 19. h3 h4 20. Nf5 Bxf5 21. Bxf5 Ne6 22. Rab1 Ng5 23. a4 Nge4 24. b5 g6 25. Bxe4 Nxe4 26. Nxe4 Rxe4 27. bxc6 bxc6 28. Qxc6 Qxc6 29. Rxc6 Re6 30. Rbb6 Rxc6 31. Rxc6 Rb8 32. Rxa6 Rb1+ 33. Kh2 Rb2 34. Ra5 Rxf2 35. Rxd5 Ra2 36. a5 Kf8 37. e4 Ke7 38. Rb5 f6 39. Rb7+ Ke6 40. Rb6+ Ke7 41. a6 Kd7 42. Rxf6 g5 43. Rg6 1-0

[Event "Wunsiedel op 12th"]
[Site "Wunsiedel"]
[Date "2018.05.17"]
[Round "1"]
[White "Juenk, Stefan"]
[Black "Reissner, Andreas"]
[Result "0-1"]
[WhiteElo "1621"]
[BlackElo "2061"]
[PlyCount "115"]
[EventDate "2018.05.17"]
[EventType "swiss"]
[EventRounds "9"]
[EventCountry "GER"]
[SourceTitle "CBM 184 Extra"]
[Source "ChessBase"]
[SourceDate "2018.06.28"]
[SourceVersion "1"]
[SourceVersionDate "2018.06.28"]
[SourceQuality "1"]

1. e4 d6 2. d4 Nf6 3. Nc3 e5 4. dxe5 dxe5 5. Qxd8+ Kxd8 6. Bg5 c6 7. 0-0-0+ Nbd7 8. f4 h6 9. Bh4 Ke8 10. fxe5 Nxe5 11. h3 Bb4 12. Be1 Be6 13. a3 Ba5 14. Nf3 Nxf3 15. gxf3 Ke7 16. Bg2 Nh5 17. Nd5+ cxd5 18. exd5 Bxe1 19. Rhxe1 Nf4 20. Bf1 Rhd8 21. dxe6 fxe6 22. Re4 Rxd1+ 23. Kxd1 g5 24. Bc4 Rd8+ 25. Ke1 Rd6 26. Bf1 Kf6 27. Rc4 Rd7 28. Rc5 b6 29. Rc4 Ke5 30. b3 Nd5 31. Bd3 Nf4 32. Re4+ Kf5 33. Bf1 h5 34. Rc4 e5 35. Rc3 e4 36. fxe4+ Kxe4 37. Rg3 Kf5 38. Bc4 Re7+ 39. Kf2 g4 40. hxg4+ hxg4 41. Ba6 Rc7 42. Bc4 b5 43. Bxb5 Rxc2+ 44. Ke1 Rc7 45. Kd2 Nh5 46. Rd3 Kf4 47. Rd7 Rxd7+ 48. Bxd7 g3 49. Bc6 Nf6 50. Bg2 Ng4 51. b4 Ne3 52. Bc6 Nc4+ 53. Ke2 Nxa3 54. Kd3 Nb5 55. Kc4 Nd6+ 56. Kd3 Ke5 57. Ke3 Nf5+ 58. Kf3 0-1

[Event "Stuttgart-chB int"]
[Site "Ditzingen"]
[Date "2016.05.05"]
[Round "1"]
[White "Juenk, Stefan"]
[Black "Paschmann, Stefan"]
[Result "0-1"]
[WhiteElo "1673"]
[BlackElo "1869"]
[PlyCount "78"]
[EventDate "2016.05.05"]
[EventType "swiss"]
[EventRounds "7"]
[EventCountry "GER"]
[SourceTitle "EXT 2018"]
[Source "ChessBase"]
[SourceDate "2017.10.13"]
[SourceVersion "1"]
[SourceVersionDate "2017.10.13"]
[SourceQuality "1"]

1. e4 c6 2. d4 d5 3. Nc3 dxe4 4. Nxe4 Bf5 5. Ng3 Bg6 6. Nf3 e6 7. a3 Nd7 8. Bd3 Bd6 9. Bxg6 hxg6 10. Ne4 Be7 11. Bf4 Nb6 12. 0-0 Nf6 13. Qd3 Nxe4 14. Qxe4 Qd5 15. Rfe1 Qxe4 16. Rxe4 0-0 17. Ne5 Rfd8 18. Nd3 Nd5 19. Rae1 Nf6 20. R4e2 Rxd4 21. g3 Rdd8 22. Ne5 Nd5 23. Bd2 Bf6 24. c4 Nc7 25. Bc3 Bxe5 26. Rxe5 Rd3 27. g4 Rad8 28. Kg2 f6 29. R5e3 g5 30. Kf3 e5 31. Ke4 R3d7 32. Rh1 Ne6 33. h4 gxh4 34. Rxh4 Ng5+ 35. Kf5 Kf7 36. Bxe5 g6+ 37. Kf4 Ne6+ 38. Ke4 Nc5+ 39. Kf4 g5+ 0-1

[Event "Stuttgart-chB op"]
[Site "Ditzingen"]
[Date "2015.05.16"]
[Round "6"]
[White "Conrady, Philipp"]
[Black "Juenk, Stefan"]
[Result "1-0"]
[WhiteElo "1366"]
[BlackElo "1460"]
[PlyCount "43"]
[EventDate "2015.05.17"]
[EventType "swiss"]
[EventRounds "7"]
[EventCountry "GER"]
[SourceTitle "EXT 2018"]
[Source "ChessBase"]
[SourceDate "2017.10.13"]
[SourceVersion "1"]
[SourceVersionDate "2017.10.13"]
[SourceQuality "1"]

1. Nf3 Nf6 2. d4 d5 3. Bg5 Nbd7 4. c4 Ne4 5. Bf4 dxc4 6. e3 b5 7. a4 c6 8. axb5 cxb5 9. Qc2 Nd6 10. Bxd6 exd6 11. Qe4+ Be7 12. Qxa8 a6 13. Qe4 Nf6 14. Qc2 Bb7 15. Be2 Ne4 16. Nc3 f5 17. 0-0 0-0 18. b3 d5 19. Ne5 Rf6 20. Ra2 cxb3 21. Qxb3 Nd2 22. Rxd2 1-0